[Event "FRA-chT U20 0405"]
[Site "France"]
[Date "2004.11.21"]
[Round "2.7"]
[White "Cabanes, Kim"]
[Black "Caput, Jules"]
[Result "1-0"]
[WhiteElo "1730"]
[BlackElo "1510"]
[PlyCount "59"]
[EventDate "2004.11.20"]
[EventType "team"]
[EventRounds "11"]
[EventCountry "FRA"]
[SourceTitle "CBM 103 Extra"]
[Source "ChessBase"]
[SourceDate "2005.01.01"]
[SourceVersion "1"]
[SourceVersionDate "2005.01.01"]
[SourceQuality "1"]

1. e4 e5 2. Nf3 Nc6 3. Bc4 Nf6 4. d3 Bc5 5. c3 d5 6. exd5 Nxd5 7. Qb3 Nce7 8. Qb5+ c6 9. Qxc5 b6 10. Qa3 b5 11. Bb3 f6 12. 0-0 Bf5 13. d4 e4 14. Nfd2 g6 15. Re1 a5 16. Qc5 Qc7 17. Nxe4 Bxe4 18. Rxe4 Kf7 19. Bf4 Qd7 20. Bd6 Rhe8 21. Nd2 a4 22. Rxe7+ Rxe7 23. Bxd5+ cxd5 24. Bxe7 Qxe7 25. Qxd5+ Qe6 26. Qxa8 Qe2 27. Qd5+ Kg7 28. Qd7+ Kh6 29. Qh3+ Kg7 30. Qe3 1-0